L'Empresa d'ésser home / (Record no. 158454)

MARC details
000 -LEADER
campo de control de longitud fija 00716nam a2200205 i 4500
001 - NÚMERO DE CONTROL
campo de control 158454
003 - IDENTIFICADOR DE NÚMERO DE CONTROL
campo de control ES-MaACL
005 - FECHA Y HORA DE LA ÚLTIMA TRANSACCIÓN
campo de control 20240507134258.0
008 - DATOS DE LONGITUD FIJA--INFORMACIÓN GENERAL
campo de control de longitud fija 191204s1966 sp | |||||||| ||cat d
100 1# - ENTRADA PRINCIPAL--NOMBRE DE PERSONA
Nombre de persona Laín Entralgo, Pedro,
Fechas asociadas al nombre 1908-2001
9 (RLIN) 69681
245 12 - MENCIÓN DEL TÍTULO
Título L'Empresa d'ésser home /
Mención de responsabilidad, etc. Pedro Laín Entralgo ; pròleg de Salvador Espriu ; [traducció Manuel Cruells].
260 ## - PUBLICACIÓN, DISTRIBUCIÓN, ETC.
Lugar de publicación, distribución, etc. Barcelona :
Nombre del editor, distribuidor, etc. Delos-Aymà,
Fecha de publicación, distribución, etc. 1966.
300 ## - DESCRIPCIÓN FÍSICA
Extensión 223 p. ;
Dimensiones 19 cm.
490 1# - MENCIÓN DE SERIE
Mención de serie Col.lecció "Galileu Galilei" ;
Designación de volumen o secuencia 2
700 1# - ENTRADA AGREGADA--NOMBRE PERSONAL
Nombre de persona Espriu, Salvador,
Fechas asociadas al nombre 1913-1985
9 (RLIN) 47947
700 0# - ENTRADA AGREGADA--NOMBRE PERSONAL
Nombre de persona Cruells, Manuel.
9 (RLIN) 41767
830 0# - PUNTO DE ACCESO ADICIONAL DE SERIE-TÍTULO UNIFORME
Título uniforme Col.lecció "Galileu Galilei" ;
Designación de volumen o secuencia 2
9 (RLIN) 181026
852 ## - LOCALIZACIÓN
Ubicación ES-MaACL
Número de control de estantería P-1098-2
Holdings
Estatus retirado Estado de pérdida Estado de daño No para préstamo Biblioteca de origen Biblioteca actual Ubicación en estantería Fecha de adquisición Fuente de adquisición Total de préstamos Signatura topográfica completa Código de barras Visto por última vez Precio de reemplazo Tipo de ítem Koha
        Biblioteca del Ateneo de Madrid Biblioteca del Ateneo de Madrid Depósito 2 04/12/2019     P-1098-2 1201355 23/02/2023 23/02/2023 Libro impreso